Hindu Samskaras: Socio religious study of the Hindu sacramants (Record no. 4050)

MARC details
000 -LEADER
fixed length control field 00522nam a2200181Ia 4500
008 - FIXED-LENGTH DATA ELEMENTS--GENERAL INFORMATION
fixed length control field 230917s9999||||xx |||||||||||||| ||und||
020 ## - ISBN
Price RS 445.00
040 ## - CATALOGING SOURCE
-- 5006610
Original cataloging agency VIVEKANANDA LIBRARY
041 ## - Language
-- English
082 ## - DDC NUMBER
Classification number 294.538 P192H(2)
100 ## - MAIN ENTRY--PERSONAL NAME
Personal name Pandey, Rajbali
245 #0 - TITLE STATEMENT
Title Hindu Samskaras: Socio religious study of the Hindu sacramants
250 ## - EDITION STATEMENT
Edition statement 2nd ed.
260 ## - PUBLICATION, DISTRIBUTION, ETC. (IMPRINT)
Place of publication, distribution, etc Delhi
Name of publisher, distributor, etc Motilal Banarsidass Publishers
Date of publication, distribution, etc 2018
300 ## - PHYSICAL DESCRIPTION
Pages 327 p.
500 ## - GENERAL NOTE
General note 4302 05/01/2022 HBD22/9186 15/01/2022 Main Budget
942 ## - ADDED ENTRY ELEMENTS (KOHA)
Koha item type Books
Holdings
Withdrawn status Lost status Damaged status Not for loan Location (home branch) Sublocation or collection (holding branch) Date acquired Koha issues (times borrowed) Koha full call number Accession No. Koha date last seen Koha item type
        VIVEKANANDA LIBRARY VIVEKANANDA LIBRARY 10/03/2022 1 294.538 P192H(2) 393951 11/03/2026 Books
© Designed and Maintained by Vivekananda Library, MDU Rohtak